000 00608nam a2200205Ii 4500
003 JO-AjNU
008 230605s9999||||xx |||||||||||||| ||und||
040 _aJO-AjNU
_bara
_erda
_cJO-AjNU
041 _aara
050 1 4 _aPJ7814.N5.A16 1988
100 3 _aتأليف منصور،أنيس,
_eauthor
_917954
245 0 0 _aالحائط والدموع
250 _aط2
264 3 1 _aبيروت:دار الشروق،1974
300 _a293ص
336 _atext
_btxt
_2rdacontent
337 _aunmediated
_bn
_2rdamedia
338 _avolume
_bnc
_2rdacarrier
650 4 _aالأدب العربي - قصص
_917955
999 _aA5652
_c9220
_d9220